01843ngm a2200373 u 4500001000800000005001700008007000600025008004100031035001200072040001300084041000800097080000600105110005200111245006100163260006100224300004000285490003900325520047000364650003300834650002400867650003100891650003500922650003700957650003000994650002501024650006001049650001501109700002201124700008301146710008001229710006701309710006601376710002701442133955520260508084314.0vd||v130812e20110812 spa  a1339555 ccomduadb aspa aV20aUniversidad de Antioquia.bRectoría4auteaut13aLa fuerza de los argumentos : para qué la innovación aMedellín :bEditorial Universidad de Antioquia,c2011. a1 DVD (57 minutos) : sonido, color.0 aLa Fuerza de los Argumentos ;v2833 aRESUMEN : "La innovación es una de las apuestas de las universidades del país y del gobierno nacional para impulsar el desarrollo de Colombia desde las académicas. Una iniciativa que los rectores de algunas universidades colombianas justifican en La Fuerza de los Argumentos a través de una conversación en la que se citan las innovaciones que desarrollan mancomunadamente y los diferentes usos que pueden tener estas invenciones con patentes nacionales." 7aInnovación2Tesauro Unesco aInnovación social aUniversidad e innovación aInvestigación e innovación aInnovación - Fines y objetivos aInnovación y desarrollo aExpouniversidad 2011 7aDesarrollo científico y tecnológicozColombia2lemb aDocumental00aCanal U4proepro10aDomínguez Gómez, Eduardo4nrt0(isni)00000000431899240(viaf)24189253enrt20aUniversidad de Antioquia. Departamento de Servicios Audiovisuales4auteaut00aUniversidad de Antioquia. Facultad de Comunicaciones4auteaut10aUniversidad de Antioquia.bInstituto de Filosofía4auteaut20aTelemedellin4proepro